| 000 | 01474cab a2200241 4500 | ||
|---|---|---|---|
| 001 | ABS55864 | ||
| 008 | 090401t1996 xxu||||| |||| 00| 0 eng d | ||
| 035 | _a(Sirsi) u19236 | ||
| 041 | _aeng | ||
| 245 | _aAllied London Property Investment Ltd V SoS Environment and Swale BC | ||
| 260 | _c1996 | ||
| 350 | _a0 | ||
| 490 |
_aProperty and Compensation Reports _v[1996] 72 P&CR 327-340(9) |
||
| 520 | _aQBD 8 March 1996. Planning permission granted for construction of a retail park of Class A1 and A3 units, subject to a condition that applicaiton for approval of reserved matters be made to Swale BC (S) before the expiration of 3 years. A applied for and was granted an extension for the reserved matters application but was refused a second extension. A appealed and the Inspector dismissed the appeal. A applied under the Town and Country Planning Act 1990 s288 to quash the decision letter on the ground that the Inspector had erred in law in application of s73. "Held" the scope of considerations arising under s73 is more restrictive than that arising on a normal planning application. Application granted. | ||
| 650 | _aALLIED LONDON PROPERTY INVESTMENT LTD V SOS ENVIRONMENT AND ANOTHER | ||
| 650 | _aOUTLINE PLANNING CONSENT | ||
| 650 | _aRESERVED MATTERS | ||
| 650 | _aTOWN AND COUNTRY PLANNING ACT 1990 S288 | ||
| 650 | _aTOWN AND COUNTRY PLANNING ACT 1990 S73 | ||
| 690 | _aPLANNING LAW AND PRACTICE-CASE LAW | ||
| 942 | _n0 | ||
| 948 | _c04/03/1997 | ||
| 999 |
_c12821 _d12821 |
||